[Event "Interzonal-15"]
[Site "Manila"]
[Date "1990.??.??"]
[Round "12"]
[White "Stohl, Igor"]
[Black "Seirawan, Yasser"]
[Result "1/2-1/2"]
[WhiteElo "2525"]
[BlackElo "2635"]
[Annotator "Stohl,I"]
[PlyCount "98"]
[EventDate "1990.06.29"]
[EventType "swiss"]
[EventRounds "13"]
[EventCountry "PHI"]
[SourceTitle "CBM 019"]
[Source "ChessBase"]
[SourceDate "1990.12.01"]
[SourceVersion "1"]
[SourceVersionDate "1990.12.01"]
[SourceQuality "1"]

1. d4 d6 2. e4 g6 3. c4 e5 4. Ne2 $5 (4. dxe5 dxe5 5. Qxd8+ Kxd8 6. f4 $14)
4... Nc6 5. Nbc3 (5. Be3 $5 Bg7 6. Qd2 Nf6 7. f3 O-O 8. d5 Ne7 9. Na3 $1 a6 10.
c5 Ne8 11. Nc3 f5 12. Be2 f4 13. Bf2 g5 14. O-O-O Ng6 15. Nc4 $16 {
Azmaiparashvili-van Wely,Amsterdam 1989}) 5... Bg7 6. Be3 Nh6 $1 (6... exd4 $6
7. Nxd4 Nge7 8. h4 h6 9. Be2 f5 10. exf5 Nxf5 11. Nxf5 Bxf5 12. Qd2 $36 {
Kasparov-Speelman,Barcelona 1989}) 7. f3 f5 8. d5 (8. Qd2 $5 fxe4 $6 (8... Nf7)
(8... exd4 $5 9. Nxd4 f4 $13) 9. d5 exf3 (9... Na5 10. Ng3 $16 {/\b4,Lh6}) (
9... Nb8 10. Nxe4 $16) 10. dxc6 fxe2 11. Bg5 $1 Bf6 12. Bxf6 Qxf6 13. Qxh6
exf1=Q+ 14. Rxf1 Bf5 15. g4 $18 {/\Tf5}) 8... Ne7 9. Qd2 Nf7 10. c5 f4 (10...
h5 $5) 11. Bf2 g5 12. Nc1 $5 (12. Rc1 $6 Bd7 {xSe2}) 12... Ng6 (12... g4 13.
cxd6 (13. Be2 gxf3 14. gxf3 Ng5 15. Rg1 Ng6 $36 {/\Sh3}) 13... cxd6 14. Bh4 $13
) 13. Be2 (13. Nd3 g4 $13) 13... dxc5 $5 (13... h5) 14. Bxc5 a6 (14... h5 $2
15. Bb5+ $16) 15. Nd3 b6 16. Bf2 Bf8 17. a4 (17. Bd1 $5 $13) 17... a5 $2 (17...
Bd6 $1 18. a5 b5 19. Nc5 Qe7 20. b4 h5 $132) 18. b4 $1 $36 Bd7 (18... axb4 19.
Nb5 {/\Sb4-c6}) 19. Qb2 $6 (19. Nb5 Bxb5 20. axb5 axb4 21. Ra6 $32) 19... Bd6
20. Nb5 Bxb5 21. axb5 axb4 22. Ra6 Rc8 $1 (22... Rxa6 $6 23. bxa6 Qe7 24. O-O
$18) 23. Nxb4 $16 O-O 24. Nd3 {/\Dc3,Sb2-c4} (24. Nc2 $6 Qe7 25. Na3 Bc5 $132)
24... h5 25. h3 Nh6 26. Kd2 Rf7 27. Qc3 (27. Qb3 $5 Rh7 28. Nb2 g4 $2 29. hxg4
hxg4 30. fxg4 Qg5 31. Rh5 $18) 27... Rh7 28. Rc1 {/\Lb6} Rb8 $8 29. Nb2 g4 30.
Nc4 gxh3 $6 (30... g3 $1 $14 {xg2} 31. Be1 (31. Bg1 $5) 31... Nf7 $132 {/\Lc5})
31. gxh3 Nf7 32. Nxd6 (32. Ra7 $1 {/\Sd6} Be7 $8 33. Kc2 $18 {/\Kb1,Tg1,d6})
32... Nxd6 33. Rg1 Rg7 34. Raa1 (34. Rxg6 Rxg6 35. Qxe5 Qg5 $13) 34... Ra8 $1
35. Rxa8 Qxa8 36. Ra1 Qd8 37. Qc6 Kh7 $138 (37... Ne7 $1 {/\Tg2}) 38. Ra7 Kh6
39. Ra8 (39. Kd3 $5 {/\Le1-b4}) 39... Qg5 40. Kd3 $2 (40. Bxb6 Nxe4+ 41. fxe4
cxb6 42. Rh8+ Rh7 $132) (40. Bf1 $1 Nh4 41. Rh8+ Kg6 42. Ke2 $16) 40... Qg2 41.
Bxb6 cxb6 $2 (41... Nxe4 $1 42. Bxc7 (42. Rh8+ Kg5 43. fxe4 $2 Nxh8) (42. fxe4
$5 cxb6 43. Rh8+ Rh7 44. Rxh7+ Kxh7 45. Qd7+ Kh6 46. Qf5 $13) 42... Ng3 (42...
Nf2+ 43. Kc4 $16) 43. Bd1 (43. Rh8+ Rh7 44. Rxh7+ Kxh7 45. Bd1 e4+ 46. fxe4 f3
$1 $36) 43... e4+ 44. Kc3 Rxc7 $1 (44... exf3 $2 45. Rh8+ Rh7 46. Bxf4+ $18)
45. Qxc7 exf3 $13) 42. Qxd6 Qf2 43. Kd2 $2 (43. Rh8+ Rh7 (43... Kg5 44. h4+ $1
Qxh4 45. Qd8+ Ne7 46. Qxb6 $18 {/\Dh6}) 44. Rxh7+ Kxh7 45. Qc7+ Kh6 46. Qc4 $1
Nh4 47. d6 Nxf3 48. Bxf3 $1 (48. d7 Qe3+ 49. Kc2 Qd2+ $10) 48... Qxf3+ 49. Kc2
$18) 43... Kh7 $1 44. Ra3 $8 (44. Rd8 Qe3+ 45. Kd1 Nf8 $1) (44. Qa3 Nh4 45. Ra7
Nxf3+ $1 46. Qxf3 Qd4+) 44... Qd4+ 45. Kc2 Nh4 46. Rc3 Qf2 47. Kd2 Qd4+ (47...
Ng2 48. Rc7 (48. Qxe5 $6 Qe1+ 49. Kd3 Qb1+ 50. Kc4 (50. Kd2 $2 Qb2+ 51. Kd1
Ne3+ 52. Ke1 Rg1+ 53. Kf2 Rf1#) 50... Qa2+ $40) 48... Qe1+ 49. Kd3 Qb1+ 50. Kd2
Qb2+ 51. Kd1 $8 Ne3+ 52. Ke1 Qb1+ 53. Kd2 $10) 48. Kc2 Qf2 49. Kd2 Qd4+ {
(I.Stohl)} 1/2-1/2

[Event "Mlada Boleslav op"]
[Site "Mlada Boleslav"]
[Date "1993.??.??"]
[Round "?"]
[White "Stohl, Igor"]
[Black "Berezovics, Alexander"]
[Result "1-0"]
[WhiteElo "2545"]
[BlackElo "2350"]
[Annotator "Stohl,I"]
[PlyCount "83"]
[EventDate "1993.08.??"]
[EventType "swiss"]
[EventRounds "9"]
[EventCountry "CZE"]
[SourceTitle "CBM 037"]
[Source "ChessBase"]
[SourceDate "1993.12.01"]
[SourceVersion "1"]
[SourceVersionDate "1993.12.01"]
[SourceQuality "1"]

1. d4 d6 2. Nf3 g6 3. c4 Bg7 4. Nc3 Nd7 5. e4 e5 6. Be2 c6 (6... Nh6 7. h4 f6
8. h5 c6 (8... g5 9. d5 {/\Nh2,g4|^<<}) 9. d5 $14 {()}) 7. O-O Nh6 8. c5 $5
exd4 $1 {N} (8... dxc5 9. dxe5 O-O (9... Ng4 $2 10. e6 $1 fxe6 11. Ng5 $18) 10.
h3 $1 $16 {Uhlmann,W-Ciocaltea,V/Bucharest/1978/}) 9. Bxh6 $8 Bxh6 10. Qxd4 O-O
11. cxd6 (11. Qxd6 $6 Qa5 $15 {^^}) 11... Bg7 $6 (11... Qb6 $142 $1 12. Rfd1 (
12. Qxb6 axb6 13. Rfd1 Bg7 14. a3 b5 $44) 12... Qxb2 $5 13. Nd5 {/\Ne7#} Qxd4
14. Ne7+ Kh8 15. Nxd4 Nc5 $13) 12. Qd2 {o^d6} Nc5 13. Rad1 (13. e5 $5 Nd7 (
13... Re8 14. Qf4 {/\Bc4><f7}) (13... Bg4 $6 14. Nd4 {/\f4}) 14. Rad1 $16)
13... Bxc3 $6 (13... Re8 $142 14. Rfe1 Bg4 (14... Nxe4 $2 15. Nxe4 Rxe4 16. d7
$18) 15. h3 Bxf3 16. Bxf3 Be5 17. b4 $36) 14. Qxc3 (14. bxc3 Nxe4 15. Qd4 Nf6
16. c4 $16 {o^d6}) 14... Nxe4 15. Qd4 Nf6 16. Bc4 Bg4 17. Rd3 $6 (17. Rfe1 $142
$1 {/\Re7} Bxf3 18. gxf3 Re8 $8 19. Rxe8+ Nxe8 20. d7 Nf6 21. b4 $16 {(.)})
17... Bf5 18. Re3 Be4 $1 (18... c5 19. Qxc5 (19. Qd1 $5 {/\} Ne4 20. d7 Nf6 21.
Ne5 Nxd7 22. Nxf7 Rxf7 23. g4 $1 Qg5 24. Rg3 $18) 19... Ne4 20. Qb4 Qxd6 (20...
Nxd6 $2 21. Rd1 $18) 21. Qxb7 $16) 19. Ng5 $1 (19. Rxe4 Nxe4 20. Qxe4 Qxd6 $14)
19... Bd5 $8 20. Bxd5 Nxd5 (20... cxd5 21. Rf3 h6 $1 $8 (21... Nh5 22. Qxd5 $18
) (21... Ne4 22. Nxh7 $18) 22. Rxf6 hxg5 23. h4 $1 (23. Re1 Re8 24. Rxe8+ Qxe8
25. h4 Qe4 $1 $16) 23... gxh4 24. Re1 {/\Re7,Rg6.} Re8 $8 25. Rxe8+ Qxe8 26.
Qxd5 Kg7 27. Rf4 $18 {->}) 21. Nxh7 $1 Nxe3 (21... Kxh7 $2 22. Rh3+) 22. Nf6+
Qxf6 $8 (22... Kh8 23. fxe3 $18 {->}) 23. Qxf6 Nxf1 24. Kxf1 Rad8 25. Qe7 $18 (
25. h4 $5 Rd7 26. h5 {/\h6} gxh5 27. Qg5+ Kh7 28. Qxh5+ {/\Qg4+-}) 25... b6 (
25... Rfe8 26. Qc7 Rc8 $2 27. d7) 26. Qc7 c5 27. d7 Ra8 28. Ke2 Rfd8 29. Ke3
Kf8 {/\Ke7} 30. Qd6+ Kg8 31. Ke4 b5 32. Ke5 a5 33. Qe7 (33. Kf6 $2 Ra7) 33...
c4 34. Kf6 Rf8 (34... Ra6+ 35. Kg5 Raa8 36. Kh6 b4 37. Qe5 Kf8 38. Kh7 $1 Rxd7
$8 39. Qh8+ $18) 35. Qc5 Rab8 36. Ke7 Kg7 37. a4 bxa4 38. Qxc4 f6 39. Qd5 $1
Rbd8 40. Qxa5 Rb8 41. d8=Q Rfxd8 42. Qxd8 1-0

[Event "Dov Porath Memorial"]
[Site "Givataim"]
[Date "1998.05.25"]
[Round "4"]
[White "Tsesarsky, Ilya"]
[Black "Godes, Dmitry R"]
[Result "1-0"]
[WhiteElo "2425"]
[BlackElo "2355"]
[Annotator "Tsesarsky,I"]
[PlyCount "95"]
[EventDate "1998.05.10"]
[EventType "swiss"]
[EventRounds "7"]
[EventCountry "ISR"]
[SourceTitle "CBM 065"]
[Source "ChessBase"]
[SourceDate "1998.08.06"]
[SourceVersion "1"]
[SourceVersionDate "1998.08.06"]
[SourceQuality "1"]

1. d4 g6 2. c4 Bg7 3. Nc3 d6 4. e4 Nc6 5. Be3 e5 6. d5 Nce7 7. Qd2 f5 8. f3 Nf6
9. Bd3 O-O 10. Nge2 c5 (10... fxe4 11. fxe4 (11. Nxe4 Nf5 (11... Bf5 12. N2c3
c6 13. Bg5 (13. O-O cxd5 14. cxd5 $14) 13... Bxe4 14. Bxe4 (14. fxe4 Nd7 15.
Rf1 Rxf1+ (15... Bf6 16. Bh6 $14) 16. Kxf1 Nc5 17. Bc2 Qd7 18. Kg1 Rf8 19. Rf1
$14) 14... c5 15. O-O-O $14 {1/2-1/2 Horvath,M-Hoiberg,N/Novi Sad olw OST-DEN
1990 (35)}) 12. Bg5 Rf7 (12... c5 13. dxc6 bxc6 14. Nxf6+ Bxf6 15. Bxf6 Qxf6
16. Rd1 $132 (16. Bxf5 Bxf5 $15 {1/2-1/2 Altmann Christoph-Albert Thomas/
Bayern Landesliga So 1994 (24)})) 13. g4 Nd4 14. Nxd4 exd4 15. O-O-O Nxe4 16.
Bxe4 $14 {Santa Torres,J-Ludgate,A/Thessaloniki olm 1984/0-1 (56)}) 11... Ng4
12. Bg5 Nf2 13. O-O Nxd3 14. Qxd3 a6 15. Qe3 $14 {1-0 Avery,R-Koenig,D/USA-op
Dearborn 1992 (24)}) (10... c6 11. O-O (11. h3 cxd5 (11... Kh8 12. O-O-O Qa5
13. Kb1 a6 14. Nc1 c5 15. Nb3 Qc7 16. Rc1 Bd7 $132 {1-0 Ricardi,P-Fulgenzi,E/
Open, Villa Ballester ARG 1997 (40)}) 12. cxd5 f4 13. Bf2 g5 14. O-O-O a6 15.
Kb1 $14 {Livshits,R-Frialde,A/ch-CAN, Toronto 1996/1-0 (53)}) 11... cxd5 12.
cxd5 f4 13. Bf2 g5 14. Kh1 Ng6 15. Rac1 Rf7 16. Rc2 g4 17. Rfc1 Ne8 18. Bb5 Nc7
19. a4 Bf8 20. Ng1 h5 21. Bf1 Bd7 22. Nb5 $14 {1/2-1/2 Magallon,A-Fernandez,F/
Aragon-ch 1992 (34)}) 11. h3 (11. dxc6 bxc6 12. O-O Be6 13. Rac1 fxe4 14. Nxe4
Nf5 15. Nxf6+ Bxf6 16. Bxf5 gxf5 17. f4 Rf7 18. b4 a6 {1/2-1/2 Cordes,H-Klundt,
K/BL 1981} 19. a3 $14) (11. a3 fxe4 12. Nxe4 Nxe4 13. Bxe4 Bf5 14. Bxf5 gxf5
15. O-O f4 16. Bf2 Kh8 17. Qd3 Rg8 18. Kh1 $14 {Rest nicht nachvollziehbar!
0-1 Gaab,W-Rades,A/RLPF-chC Hauenstein 1991 (18)}) 11... f4 $6 (11... h5 12. a3
b6 13. b4 a5 14. bxc5 bxc5 15. Rb1 a4 16. Bc2 Bd7 17. Nb5 Qb6 18. Nec3 f4 19.
Bf2 Rfb8 20. O-O Nc8 21. Rb2 $16) (11... fxe4 12. fxe4 Nh5 13. g4 Nf6 (13...
Nf4 14. Nxf4 exf4 15. Bxf4 Qb6 16. O-O Bd4+ 17. Kh1 $16) 14. O-O h5 15. g5 Nh7
16. Kg2 Qd7 17. Ng1 b6 18. Bc2 Bb7 19. Ba4 Qc7 20. a3 $14) 12. Bf2 a6 $6 (12...
g5 13. Rb1 Ng6 14. b4 b6 15. bxc5 bxc5 16. Nc1 h5 17. Nb3 g4 (17... Rb8 18. Nb5
Rf7 19. Na5 Qd7 20. Nc6 Rb7 21. Qa5 $16) 18. hxg4 hxg4 19. Ke2 g3 20. Be1 Nh7
21. Nb5 a6 22. Nc3 Bd7 23. Bc2 Nh4 24. Kf1 Bf6 (24... Qg5 25. Na5 $16) 25. Nc1
Rb8 26. Rxb8 Qxb8 27. Ba4 $16) 13. Rb1 Nd7 14. Nc1 Rf7 15. a3 Bf8 16. b4 b6 17.
Bc2 g5 18. bxc5 dxc5 19. Ba4 (19. h4 g4 (19... Ng6 20. hxg5 Qxg5 21. g4 $16)
20. fxg4 Nf6 21. g5 Ng4 22. Na4 Nxf2 23. Qxf2 Rb8 24. Nxc5 Nxd5 25. Nxa6 Bxa6
26. cxd5 Bxa3 $132) 19... Ng6 20. Bc6 Rb8 21. a4 (21. Na4 h5 22. Qb2 Bd6 23.
Nd3 Bc7 24. d6 Bxd6 25. Bd5 Qf6 26. O-O Ne7 27. Bxf7+ Qxf7 28. Qa2 (28. Rfd1
Qxc4 (28... Nc6 29. Nxf4)) 28... Bc7 29. Nc3 $16) 21... Bd6 (21... Nh4 22. Rg1
Ng6 23. Nd3 a5 24. Rb3 Ba6 25. Bb5 Bc8 26. Qb2 $16) 22. Nd3 Nh4 23. O-O $4 (23.
Rg1 $16) 23... Nf8 24. a5 Rg7 25. Kh1 (25. Qc2 Bxh3 26. gxh3 Nxf3+ 27. Kg2 Nd4
28. Bxd4 cxd4 29. axb6 dxc3 30. c5 g4 31. cxd6 Qh4 32. Nc5 f3+ 33. Kh1 Rxb6 34.
Rxb6 Qxh3+ 35. Kg1 Qg3+ 36. Kh1 Rg6 $19) (25. Qe2 Nxf3+ 26. gxf3 Bxh3 27. Kh1 (
27. Rxb6 g4 $19) 27... g4 28. Rg1 g3 29. Be1 Qh4 $19) 25... g4 (25... Nfg6 26.
axb6 h5 (26... Rxb6 27. Rxb6 Qxb6 28. Na4 Qd8 29. Bxc5 $16) 27. Na4 g4 28. fxg4
hxg4 29. hxg4 Nxg2 30. Naxc5 Ne3 31. Bxe3 fxe3 32. Qxe3 Qh4+ 33. Kg2 Nf4+ 34.
Rxf4 Bxg4 $19) 26. fxg4 h5 27. Bxh4 (27. Qe1 Nfg6 28. gxh5 Qg5 29. Rg1 Qxh5 30.
g4 fxg3 31. Rxg3 Nf3 32. Qf1 Nd2 33. Qd1 Qh6 34. Rxb6 Bxh3 35. Rxb8+ Bxb8 36.
Be3 (36. Kg1 Ne7 37. Qe2 Nf1 $1 $19) 36... Qh4 37. Qxd2 Qxg3 $19) 27... Qxh4
28. Qf2 Qg5 29. gxh5 (29. Rxb6 Rxb6 30. axb6 hxg4 31. b7 Bxb7 (31... gxh3 $2
32. bxc8=Q hxg2+ 33. Kg1 Qh5 34. Qe1 $3 gxf1=Q+ 35. Kxf1 Qh2 36. Qf2 Qh1+ 37.
Ke2 Rg2 38. Qxa6 f3+ 39. Kd2 Qh6+ 40. Kc2 Qe3 41. Nd1 $18) 32. Bxb7 Rxb7 33.
Nxc5 Rh7 34. Nxa6 gxh3 $19) 29... b5 $4 (29... Qxh5 $1 30. Rbd1 (30. Rfd1 Bxh3
$19) (30. axb6 Bxh3 31. gxh3 Qxh3+ 32. Qh2 Qxd3 $19) (30. Qf3 Bg4 $19) (30. Ne2
Bxh3 $19) (30. Ne1 Bxh3 31. Kg1 Ng6 32. Rxb6 Nh4 33. Rxb8+ Bxb8 34. Be8 Qh6 $19
) 30... Bg4 31. Rg1 (31. Rd2 Bxh3 $19) 31... Bxd1 32. Rxd1 bxa5 $17) 30. Ne1
$16 (30. Qf3 $5 Qh4 (30... bxc4 31. Rxb8 Bxb8 32. Nxc5 Qh4 33. Ne2 Ba7 34. Ne6
Nxe6 35. dxe6 Bxe6 36. Bd5 $16) 31. Ne2 Bg4 32. Qf2 Qxh5 33. Ng1 bxc4 34. Rxb8
Bxb8 35. Nxc5 Ba7 36. Rb1 Qg6 37. Rb6 Bc8 38. Nf3 Qd6 39. Na4 $132) 30... bxc4
$2 $18 (30... Qxh5 31. Nf3 $16) 31. Rxb8 Bxb8 32. g4 Qd8 (32... fxg3 33. Qxf8+
Kh7 34. Ng2 (34. Qxc8 g2+ 35. Kg1 Qe3+ $19) 34... Bxh3 35. Qf3 Bc7 36. Be8 Bxa5
37. Bg6+ Kh8 38. Ne2 $18) 33. Nf3 Qxa5 34. Qb2 Bd6 35. Na4 Qc7 (35... Bd7 36.
Qb6 $18) 36. Nb6 c3 37. Qb3 Qb8 38. Rb1 Nh7 39. Qxc3 Nf6 40. Qc2 Bxg4 (40...
Nxg4 41. Nc4 (41. hxg4) (41. Nxc8 Qxc8 42. hxg4 Qxg4 43. Nh2 Qxh5 44. Rg1 (44.
Rb7 Bc7 45. Rb1) 44... Rxg1+ 45. Kxg1 Kf7 46. Bd7 $16) 41... Qc7 42. hxg4 Bxg4
43. Nh4 Qd8 44. Qf2 Bxh5 45. Nxd6 Qxd6 46. Nf5 $18) 41. hxg4 Nxg4 42. Bd7 (42.
Nh2 Ne3 43. Qa2 Rg2 44. Qxa6 Kh7 45. Qc8 $18) 42... Ne3 43. Be6+ Kh8 44. Qh2
Rb7 (44... Bc7 45. Rg1 $18) 45. Ng5 Qf8 46. Rg1 (46. h6 $18) 46... f3 47. Qf2
Rxb6 48. Nf7+ 1-0

[Event "ISR-chT"]
[Site "Israel"]
[Date "1997.04.12"]
[Round "9"]
[White "Tyomkin, Dimitri"]
[Black "Kantsler, Boris"]
[Result "0-1"]
[WhiteElo "2450"]
[BlackElo "2495"]
[Annotator "Tyomkin,D"]
[PlyCount "66"]
[EventDate "1997.??.??"]
[EventType "team"]
[EventRounds "11"]
[EventCountry "ISR"]
[SourceTitle "CBM 058"]
[Source "ChessBase"]
[SourceDate "1997.06.01"]
[SourceVersion "1"]
[SourceVersionDate "1997.06.01"]
[SourceQuality "1"]

1. d4 d6 2. c4 g6 3. Nc3 Bg7 4. e4 e5 5. d5 Nd7 (5... f5 6. h4 (6. exf5 gxf5 7.
Qh5+ (7. Nf3 Nf6 8. Be2 O-O 9. O-O a5 10. Nh4 f4 11. g3 Bh3 12. Re1 Nbd7 13.
Bf1 Bg4 14. f3 Bh5 15. g4 Nxg4 16. fxg4 Qxh4 17. gxh5 f3 18. Re4 Qxh5 19. Be3
Nf6 $17 {Dlugy-Alburt, USA 1990}) 7... Kf8 8. Bd3 (8. Nf3 Nf6 9. Qh4 Qe8 10. g3
Na6 11. Bh3 h6 12. Kf1 Ng4 13. Bxg4 fxg4 14. Nd2 Qg6 15. Nde4 Bf5 16. f3 Nc5
17. Ke2 Kg8 18. Rf1 Rf8 19. b4 Bxe4 20. fxe4 Rxf1 21. Kxf1 Nxe4 $17 {
Galliamova-Foisor, Tilburg 1994}) 8... Nf6 9. Qd1 Qe8 10. Nh3 Na6 11. O-O f4
12. Ng5 Nc5 13. Re1 Nxd3 14. Qxd3 Qg6 15. Qxg6 hxg6 16. f3 Rh5 17. Nge4 Nxe4
18. Nxe4 Bf5 19. Bd2 Kf7 20. Rac1 b6 $10 {Hansen C-Berg, Kerteminde 1991}) 6...
Nf6 7. Bd3 (7. Bg5 $5 h6 8. Bxf6 Qxf6 9. h5 g5 10. exf5 Bxf5 11. Bd3 $16) 7...
f4 8. Nf3 O-O 9. Bd2 h6 10. b4 a5 11. a3 Bg4 12. Rb1 axb4 13. axb4 Nbd7 14. Qb3
Bxf3 15. gxf3 Kh7 16. Ke2 Nh5 17. Nb5 Bf6 18. Qc3 Be7 19. Ra1 Rxa1 20. Qxa1 $14
{Martinovic-Todorovic, Cuprija 1986}) 6. Bd3 Ne7 7. h4 (7. g4 c6 8. Bc2 O-O 9.
Nge2 Nb6 10. c5 Nc4 11. b3 Na5 12. Ba3 cxd5 13. cxd6 Nec6 14. d7 Bxd7 15. Bxf8
Qxf8 {Agrest,E-Hass,R/POL-chT Mikolajki 1991/0-1 (42)}) 7... Nf6 (7... h6 $6 8.
h5 g5 9. g4 a5 10. f3 O-O 11. Nh3 Bf6 12. Kf1 Kh8 13. Kg2 $16 {Geller,A-Rusz,J/
HUN-chT1 1995/1-0 (78)}) 8. f3 Nh5 9. Nge2 f5 10. Be3 O-O 11. Qd2 c5 12. O-O-O
Bd7 13. exf5 gxf5 14. g4 (14. Rdg1 {[%cal Gg2g4]} f4 15. Bf2 Nf5 16. Ne4 Bh6 $1
{[%cal Gh5g3]}) 14... fxg4 15. fxg4 Bxg4 16. Rdg1 Bf5 17. Bh6 $2 $17 (17. Rg5
$1 {After this move black can hold this position by exact playing} Bxd3 (17...
Bg6 18. Bxg6 hxg6 19. Rhg1 $16) 18. Qxd3 Nf6 (18... Qe8 19. Nb5 $1 {[%cal
Gb5d6,Gb5c7,Gc7e6]}) 19. h5 h6 20. Rg2 (20. Rg6 $5 Nxg6 21. hxg6 Ng4 22. Ne4
$141 $2 Rf3 {[%cal Gf3d3]}) 20... Kh8 21. Rhg1 Rf7 22. Ng3 $44) 17... Bxd3 18.
Bxg7 (18. Qxd3 Kh8 {=18.Bg7}) 18... Nxg7 19. Qxd3 Kh8 20. Ne4 Qd7 21. h5 Ngf5
22. h6 $6 {with idea to sacrifice ever the exchange on"g6",but it was only
cheap trick} (22. Rg6 $5 {had shown after the game by Alon Greenfeld} Nxg6 $1 (
22... hxg6 23. hxg6+ Nh4 {[%cal Gd7h3]} (23... Kg8 24. Rh8+ $1 Kg7 25. Rh7+ Kg8
26. Qh3 $18) 24. Rxh4+ Kg8 25. Rh7 Rf1+ 26. Kd2 Raf8 27. Qg3 $132 {[%cal Gg3h2]
}) 23. hxg6 h6 24. Ng5 b5 $17) (22. Ng5 b5 $17) 22... Ng6 23. Ng5 b5 24. Ne6
bxc4 25. Qe4 Rf7 26. Rg5 Nfe7 $1 (26... Nd4 $2 27. N2xd4 cxd4 28. Rxg6 hxg6 29.
Qxg6 $18 {[%cal Gg6g7]}) 27. Nc3 Rb8 28. Qxc4 Qb7 29. b3 Qb4 30. Ne4 Qa3+ 31.
Kb1 Rb4 32. Qd3 Rxe4 33. Rxg6 (33. Qxe4 Rf2) 33... Rf2 0-1

[Event "Financial Concept op 6th"]
[Site "North Bay"]
[Date "1999.08.08"]
[Round "9"]
[White "Tyomkin, Dimitri"]
[Black "Mulyar, Michael A"]
[Result "0-1"]
[WhiteElo "2495"]
[BlackElo "2410"]
[Annotator "Tyomkin,D"]
[PlyCount "96"]
[EventDate "1999.08.04"]
[EventType "swiss"]
[EventRounds "9"]
[EventCountry "CAN"]
[SourceTitle "CBM 072"]
[Source "ChessBase"]
[SourceDate "1999.10.01"]
[SourceVersion "1"]
[SourceVersionDate "1999.10.01"]
[SourceQuality "1"]

{This game is from last round of North Bay(Canada) open tournament. I was
forced to win to share first prize.} 1. d4 d6 2. c4 g6 3. Nc3 Bg7 4. e4 Nc6 5.
Be3 e5 6. d5 Nce7 {With this setup black tries to save time comparing with
regular King's Indian and to push f7-f5 at once. But on other hand it allows
white to break immediatly on the queenside.} (6... Nd4 {worse is:} 7. Nge2 {
and black can not hold N on-d4.}) 7. c5 $1 a6 {covering b5-square against Bb5+.
} ({Usually black plays:} 7... f5 8. cxd6 cxd6 9. Bb5+ {and white gets an
opening advantage.} (9. Qa4+ Kf8 10. Qa3 Nf6 11. f3 fxe4 12. fxe4 Ng4 13. Bg5
Bh6 14. Bxh6+ Nxh6 15. Nb5 Nf7 16. Rc1 Qb6 17. Nc7 Rb8 18. Nf3 $16 {[%cal
Gf1e2,Gh1f1,Gf3d2,Yc7e6] 1-0 Hellborg,T-Chernin,A/26th Rilton Cup, Stockholm
SWE 1998 (47)})) (7... Nf6 8. Bb5+ Nd7 9. Nge2 O-O 10. b4 f5 11. f3 Nf6 12. h3
h5 13. Qb3 f4 14. Bf2 $14 {0-1 Bagirov,V-Rashkovsky,N/Biel SUI 1999 (40)}) 8.
cxd6 ({As I had discovered at home the next way is even more promising for
white:} 8. Qa4+ Kf8 (8... Qd7 9. Nb5 $1 Rb8 10. Nxc7+ Kd8 11. Qb4 $40) 9. Qb4 {
and white looks perfect.} (9. Qb4 dxc5 10. Bxc5 b6 11. Be3 Nf6 12. Nf3 Ne8 13.
Nd2 $14 {1-0 Levin,F-Bilek,I/FSIM A Oct, Budapest HUN 1997 (34)})) 8... cxd6 9.
Qa4+ Kf8 (9... Bd7 10. Qb4 {[%csl Rd6]}) 10. f3 {[%cal Ye3f2] aimed against
next move of black. I could get clear advantage by:} (10. Bd3 Bh6 11. Bxh6+
Nxh6 12. Qb4 $1 {[%csl Rb6,Re7,Rh6] taking control over black squares.} f5 13.
f3 {and white is much faster on the queenside.Ne7 is traped for a long time.})
10... Bh6 11. Bf2 {[%csl Gb6,Yc1,Gc5] White had missed c1-square for the rook,
but the diagonal g1-a7 is very importent too.} f5 12. Bd3 Nf6 {[%cal Gf5e4,
Yf6g4]} 13. h3 {[%csl Gg4] preventing f5xe4 and Ng4. g2-g4 will be prepared by
white in close future. But black still doesn't feel a danger.} b5 14. Qc2 b4
15. Na4 Rb8 {[%csl Gb6]} 16. b3 Bd7 17. Nb2 (17. Bxa6 $2 Bxa4 18. bxa4 Qa5 {
[%cal Rb4b3]}) 17... Rc8 18. Nc4 Bb5 19. Ne2 Kg7 20. g4 fxe4 21. fxe4 Rf8 22.
Rg1 {[%cal Rg4g5] That is the setup which I had dreamt about.} g5 {buring the
bishop on-h6, but what else could black do?} (22... Bf4 23. Nxf4 exf4 24. Bd4
$16 (24. Qd2 {[%csl Rb4,Rb6,Rf4]})) 23. Qd2 {[%csl Rb4][%cal Rh3h4] Already
winning some material. The main threat is h3-h4!} (23. Ng3 Nd7 24. Ke2 $16)
23... Bxc4 24. bxc4 Nd7 (24... Rxc4 25. Bxc4 Nxe4 26. Qe3 Nxf2 27. Rf1 $18 {
[%csl Rf2]}) 25. Ng3 Rf4 {[%mdl 1024] Black lost strategical fight in this
game, but smartly tries to complicate things by sacrificing material.} (25...
Nc5 26. Bxc5 Rxc5 27. h4) 26. Qxb4 Nc5 27. Nh5+ Kg8 28. Nxf4 exf4 29. Bxc5 {
[%cal Gh6g7,Ge7g6,Gg6e5] Black is dawn of exchange and pawn, but situation had
changed completely on the board: black pieces are becoming active very quickly
through black squares, N is coming to e5, bishop is coming to-g7, white pieces
are disconnected yet.} Rxc5 $2 ({The best chance was:} 29... dxc5 {which lets
black some counterchances, but, of course, white keeps an advantage by careful
play.} 30. Qa4 (30. Qb7 Qa5+ {blacks initiative is dangerous.} 31. Ke2 f3+ $1
32. Ke3 Qc3 $5 $40) 30... Qd6 {[%cal Gf4f3]} 31. Rf1 Ng6 32. Rb1 $16) 30. e5 $1
{[%csl Gd3,Ye7,Yg6][%mdl 64] At first, white should prevent Ne7-g6-e5
monouevre, even with the loss of material. Bd3 becomes powerful.} Bg7 31. Rb1
$1 {Of course not:} (31. exd6 Qxd6 {[%csl Re1][%cal Gd6e5] andQe5}) 31... Bxe5
{[%cal Re7d5]} 32. Kd1 $1 {[%mdl 2048] That is the point! That is the safest
place for king on-d1.} Qf8 33. Re1 {[%cal Re1e5]} Qf6 34. Qb7 {[%cal Gb7d7,
Yd7e6]} f3 {The only way to create some attack against whites king.} 35. Qd7 f2
36. Rb8+ Kg7 37. Rf1 Qf3+ $1 {No way back!} 38. Be2 (38. Kc2 Rxc4+ $1 39. Bxc4
Qc3+) 38... Rxd5+ $1 {[%mdl 64] Still not the end! I guess that my oppnent
thought that he was achived draw, but...} 39. cxd5 Qxd5+ 40. Kc1 $1 (40. Kc2
Qxa2+ $11) 40... Bf4+ 41. Kc2 Qd2+ 42. Kb3 Qxe2 43. Rxf2 $1 {[%csl Re7]} Qe3+
44. Ka4 Qd4+ 45. Rb4 Qd1+ 46. Ka5 {Just a lack of concentration. The next way
to win was not so complicative.} (46. Rb3 Qd4+ (46... Kf7 47. Qa7 $1) 47. Ka5
Qd5+ 48. Kxa6 Qa8+ 49. Kb6 Qb8+ 50. Qb7 $18) 46... Qd5+ 47. Kb6 $4 {Destroying
such a great game! This move misses a win. I calculated next variation before
I played this move: 47.Kb6 Be3+ 48.Kc7 Qc5 49.Qd8 winning. Still it was not
too late to go back to the winning variation:} (47. Ka4 Qd1+ 48. Rb3 {-46.Rb3})
47... Be3+ 48. Kc7 $4 {[%csl Ya5] Even here I thought that I'm still winning,
simply overlooking check from-a5.} (48. Kxa6 Qa8+ 49. Kb5 Qd5+ $11) 48... Qa5+
{Just now I started to understand that things turned very bad for me. I was
shocked for 5 minutes and then pressed a hand to my lucky opponent.} 0-1